000 00488nam a2200181Ia 4500
005 20250508150829.0
008 008 250505s9999 xx 000 0 eng d
037 _aReference
040 _aFEDL
_beng
_cFEDL
041 _aeng
_2eng
084 _a507, HEI
_qFEDL
100 _aHeiss Elwood D
245 0 _aModern science teaching
260 _aNew York, USA
_bThe Macmillan Company
_c1950
300 _aviii,462p.
942 _cREF
_h507, HEI
999 _c1325934
_d1325934